|
|
|
|
| LEADER |
01549nam a2200397Ia 4500 |
| 001 |
EBC310354 |
| 003 |
MiAaPQ |
| 005 |
20200520144314.0 |
| 006 |
m o d | |
| 007 |
cr cn||||||||| |
| 008 |
950927s1996 mnua sb s001 0 eng d |
| 010 |
|
|
|z 95030081
|
| 020 |
|
|
|z 0816626928
|
| 020 |
|
|
|z 0816626936 (pbk.)
|
| 020 |
|
|
|z 9780816626922
|
| 035 |
|
|
|a (MiAaPQ)EBC310354
|
| 035 |
|
|
|a (Au-PeEL)EBL310354
|
| 035 |
|
|
|a (CaPaEBR)ebr10151117
|
| 035 |
|
|
|a (CaONFJC)MIL523432
|
| 035 |
|
|
|a (OCoLC)226376774
|
| 040 |
|
|
|a MiAaPQ
|c MiAaPQ
|d MiAaPQ
|
| 050 |
|
4 |
|a HD1527.C2
|b M58 1996
|
| 100 |
1 |
|
|a Mitchell, Don,
|d 1961-
|
| 245 |
1 |
4 |
|a The lie of the land
|h [electronic resource] :
|b migrant workers and the California landscape /
|c Don Mitchell.
|
| 260 |
|
|
|a Minneapolis :
|b University of Minnesota Press,
|c c1996.
|
| 300 |
|
|
|a xi, 245 p. :
|b ill.
|
| 504 |
|
|
|a Includes bibliographical references and index.
|
| 533 |
|
|
|a Electronic reproduction. Ann Arbor, MI : ProQuest, 2015. Available via World Wide Web. Access may be limited to ProQuest affiliated libraries.
|
| 650 |
|
0 |
|a Human geography
|z California.
|
| 650 |
|
0 |
|a Labor disputes
|z California
|x History
|y 20th century.
|
| 650 |
|
0 |
|a Landscapes
|z California.
|
| 650 |
|
0 |
|a Migrant agricultural laborers
|z California
|x History
|y 20th century.
|
| 650 |
|
0 |
|a Migrant agricultural laborers
|z California
|x Social conditions.
|
| 655 |
|
4 |
|a Electronic books.
|
| 710 |
2 |
|
|a ProQuest (Firm)
|
| 856 |
4 |
0 |
|u https://ebookcentral.proquest.com/lib/matrademy/detail.action?docID=310354
|z Click to View
|